000 01197nam a2200301Ia 4500
001 ebr10063823
003 CaPaEBR
006 m u
007 cr cn|||||||||
008 041017s2004 dcu gsb 001 0 eng d
020 _z0815796218
040 _aCaPaEBR
_cCaPaEBR
035 _a(OCoLC)56032739
050 1 4 _aJK2071
_b.M39 2004eb
100 1 _aMayer, William G.,
_d1956-
245 1 4 _aThe front-loading problem in presidential nominations
_h[electronic resource] /
_cWilliam G. Mayer, Andrew E. Busch.
260 _aWashington, D.C. :
_bBrookings Institution Press,
_cc2004.
300 _ax, 226 p.
504 _aIncludes bibliographical references and index.
533 _aElectronic reproduction.
_bPalo Alto, Calif. :
_cebrary,
_d2009.
_nAvailable via World Wide Web.
_nAccess may be limited to ebrary affiliated libraries.
650 0 _aPrimaries
_zUnited States.
650 0 _aPresidents
_zUnited States
_xNomination.
650 0 _aCaucus.
655 7 _aElectronic books.
_2local
700 1 _aBusch, Andrew.
710 2 _aebrary, Inc.
856 4 0 _uhttp://site.ebrary.com/lib/rucke/Doc?id=10063823
_zAn electronic book accessible through the World Wide Web; click to view
999 _c47630
_d47630